000 00513nam a2200181Ia 4500
999 _c29089
_d29089
003 OSt
005 20201127154500.0
008 190216s9999||||xx |||||||||||||| ||und||
020 _a979814230597
040 _coclc
082 _a920
_bPIL/A
100 _aPillai, Thakazhi Shivashankara
_9418
245 0 _aAthmakatha /
_cThakazhi Shivashankara Pillai
260 _bGreen Books,
_aThrissur:
_c2007.
300 _a480p
650 _aAthmakadha
942 _cBK
_2ddc
_h920
_iPIL/A
_k920
_mPIL/A